000 00533cam a2200205ua 4500
001 203
005 20260515113132.0
008 110324n ii |||gr||||Z||||||asm
020 _a81-237-0718-5
040 _cMAIN
082 _a301.0954
245 1 _aBharatiya samaj
_cby Shyamcharan Dube
250 _a1st /
_bTrnsl. by Debabrata Sharma.
260 _aNew Delhi:
_bNational book trust,994.
300 _avi, 130p.:0cm.
653 _aSociology
653 _aIndian society
700 _aDube, Shyamcharan.,
_eAuthor.
942 _cBK
999 _c174
_d174